01158 2200289 4500001002100000005001500021008004100036020001800077035002000095082001100115084001800126100001600144245002600160260003100186300002300217520051100240650001800751990001100769990001100780990001100791990001100802990001100813990001100824990001100835990001100846990001100857INLIS00000000000699420211130102224211130 0  a979-688-216-7 a0010-0721002253 a150195 a150.195 BER s1 aBerry, Ruth1 aSeri Siapa Dia? Freud aJakarta :bErlangga,c2001 a124 hlm. ;c19 cm. aSERI SIAPA DIA ? Anda akan mengenal Freud, bapak psikoanalisis, lebih dekat: riwayat hidup, teori-teorinya tentang sesualitas serta mimpi yang begitu kontroversial, mencengangkan, kreatif, detail, dan pragmatis. Dengan bahasa yang mudah dimengerti, ringan, serta informatif, buku ini mengeksplorasi lebih jauh: Riwayat hidup Freud Teori dan konsep psikoanalisis Pro dan kontra pendapat Freud Peran Freud pada dunia modern Kelompok Freudian Gugatan tentang ketidaksadaranfakta ... konsep ... gagasan.(libra) 4aPsikoanalisis a001776 a001777 a001779 a001780 a011666 a011667 a011668 a011669 a011670